00533nam a22001931 4500001001300000003000400013005001700017008004100034010001700075040001800092050002500110100004000135245001400175250001100189260003500200300004700235600004000282999001700322sa 68003691 DLC20260227112455.0710903s1916 ii ac 000 0aeng  asa 68003691  aDLCcDLCdDLC00aDS479.1.G6bA52 19161 aGokhale, Gopal Krishna,d1866-1915.00aSpeeches. a2d ed. aMadras,bG. A. Natesanc[1916] avii, 1236, xvii p.billus., ports.c19 cm.10aGokhale, Gopal Krishna,d1866-1915. c79672d79672